| 000 | 00842nam a2200229 u 4500 | ||
|---|---|---|---|
| 005 | 20240524063656.0 | ||
| 008 | 190604s1994 mx r 000 0 spa d | ||
| 020 | _a9682973740 | ||
| 035 | _aUPN01000230975 | ||
| 049 | _aLTG | ||
| 050 | 4 |
_aPM4070 _bL6.4 |
|
| 100 | 1 |
_aLópez Mar, Alonso _929068 |
|
| 245 | 1 | 0 |
_aLengua náhuatl de la región huasteca Hidalgo : _bprimer ciclo : guía del maestro / _cAlonso López Mar. |
| 260 |
_aMéxico : _bSEP, Comisión Nacional de Libros de Texto Gratuitos _c1994. |
||
| 300 |
_a56 p. : _bcuadros |
||
| 650 | 4 |
_aNáhuatl _xEstudio y enseñanza (Elemental) _915808 |
|
| 650 | 4 |
_aIndígenas de México _zHidalgo _xLenguas _925560 |
|
| 650 | 4 |
_aIndígenas de México _zSan Luis Potosí _xLenguas _927479 |
|
| 650 | 4 |
_aIndígenas de México _zVeracruz _xLenguas _921179 |
|
| 905 | _aLibro | ||
| 999 |
_c203070 _d203070 |
||